000 00823nam a2200289Ia 4500
001 16462
003 IT-RoPAU
008 130308s9999 xx 000 0 und d
040 _aIT-RoPAU
040 _cIT-RoPAU
041 _aITALIANO
100 _aLotman Jurij Michajlovic
100 _gCodice Aut. SPICS: 4492
245 _aScena e la pittura come dispositivi codificatori del comportamento culturale nella Russia del primo Ottocento (La)
245 _bTipologia della Cultura
250 _a1a ed.
260 _aMILANO
260 _bBompiani
260 _c1975 [1° Ed.:1975 - Ed.Ling.Originale:1973]
300 _a"15 p. (prefazione: no ; testo: 15 [pagine: 277-291])"
650 _aSEMIOLOGIA
650 _eCodice materia Spics: 3251
942 _cBK
957 _71
999 _c41157
_d41157
999 _bSI
999 _g1